| 000 | 00943nam a2200253Ia 4500 | ||
|---|---|---|---|
| 999 |
_c37319 _d37319 |
||
| 001 | 3278 | ||
| 003 | GE_BSU | ||
| 005 | 20221102144739.0 | ||
| 008 | 181216s1995ru xx |||||||||||||| ||rus|| | ||
| 020 | _a577490035 | ||
| 040 | _cGE_BSU | ||
| 041 |
_arus _heng |
||
| 080 | _a330.1(075.8) Ф-68 | ||
| 100 |
_aФишер, Стенали. _915736 |
||
| 245 |
_aЭкономика=Economics / _c Стенали Фишер, Рудигер Дорнбуш, Ричард Шмалензи,Пер. с Анг. Общая ред. и предисловие: Г.Г. Сапова. |
||
| 264 |
_aМосква : _bДело, _c1995. |
||
| 300 |
_a864 ст. _b 26 см. |
||
| 653 | _aЭкономика=Economics | ||
| 653 | _aეკონომიკა | ||
| 700 |
_aДорнбуш, Рудигер _915737 |
||
| 700 |
_aШмалензи, Ричард _915738 |
||
| 700 |
_aСапова, Г.Г. _eრედაქტორი _915739 |
||
| 942 |
_cBK _2udc |
||